A walk to remember (Record no. 590526)

000 -LEADER
fixed length control field 01861cam a2200433 a 4500
001 - CONTROL NUMBER
control field 18298840
003 - CONTROL NUMBER IDENTIFIER
control field NUST
005 - DATE AND TIME OF LATEST TRANSACTION
control field 20220723152314.0
008 - FIXED-LENGTH DATA ELEMENTS--GENERAL INFORMATION
fixed length control field 140911t20121999nyu 000 1 eng
010 ## - LIBRARY OF CONGRESS CONTROL NUMBER
LC control number 2013387317
020 ## - INTERNATIONAL STANDARD BOOK NUMBER
International Standard Book Number 9781455508563
020 ## - INTERNATIONAL STANDARD BOOK NUMBER
International Standard Book Number 145550856X
020 ## - INTERNATIONAL STANDARD BOOK NUMBER
International Standard Book Number 9780446525534
020 ## - INTERNATIONAL STANDARD BOOK NUMBER
International Standard Book Number 0446525537
035 ## - SYSTEM CONTROL NUMBER
System control number (OCoLC)ocn803922297
038 ## - RECORD CONTENT LICENSOR
Staff Name Azhar
040 ## - CATALOGING SOURCE
Original cataloging agency DWA
Transcribing agency DWA
Modifying agency YDXCP
-- DLC
042 ## - AUTHENTICATION CODE
Authentication code lccopycat
043 ## - GEOGRAPHIC AREA CODE
Geographic area code n-us-nc
050 00 - LIBRARY OF CONGRESS CALL NUMBER
Classification number PS3569.P363
Item number W35 2012
082 00 - DEWEY DECIMAL CLASSIFICATION NUMBER
Classification number 813.54
Edition number 23
Author Mark SPA
100 1# - MAIN ENTRY--PERSONAL NAME
Personal name Sparks, Nicholas.
9 (RLIN) 10035
245 12 - TITLE STATEMENT
Title A walk to remember
Statement of responsibility, etc. Nicholas Sparks.
260 ## - PUBLICATION, DISTRIBUTION, ETC.
Place of publication, distribution, etc. New York, NY :
Name of publisher, distributor, etc. Grand Central Pub.,
Date of publication, distribution, etc. 2012, c1999.
300 ## - PHYSICAL DESCRIPTION
Extent 288 p. ;
Dimensions 23 cm.
490 1# - SERIES STATEMENT
Series statement Novel Learning Series.
500 ## - GENERAL NOTE
General note Student guide includes ELA common core state standards alignment ; critical thinking and comprehension skills development ; SAT/ACT style questions to help students improve test scores ; sample essays with rubric to facilitate writing development and skills. --front cover.
520 ## - SUMMARY, ETC.
Summary, etc. Landon Carter never thought he would fall for Jamie Sullivan, the shy daughter of the town's Baptist minister who showed him the joy and pain of living"--P. [4] of cover.
563 ## - BINDING INFORMATION
Binding note PB
600 10 - SUBJECT ADDED ENTRY--PERSONAL NAME
Personal name Sparks, Nicholas
Title of a work Walk to remember
General subdivision Study and teaching.
9 (RLIN) 94640
650 #0 - SUBJECT ADDED ENTRY--TOPICAL TERM
Topical term or geographic name entry element Children of clergy
Form subdivision Fiction.
9 (RLIN) 94641
650 #0 - SUBJECT ADDED ENTRY--TOPICAL TERM
Topical term or geographic name entry element Teenage boys
Form subdivision Fiction.
9 (RLIN) 94642
651 #0 - SUBJECT ADDED ENTRY--GEOGRAPHIC NAME
Geographic name Beaufort (N.C.)
Form subdivision Fiction.
9 (RLIN) 94643
856 42 - ELECTRONIC LOCATION AND ACCESS
Materials specified Publisher description
Uniform Resource Identifier <a href="http://www.loc.gov/catdir/enhancements/fy1414/2013387317-d.html">http://www.loc.gov/catdir/enhancements/fy1414/2013387317-d.html</a>
856 42 - ELECTRONIC LOCATION AND ACCESS
Materials specified Contributor biographical information
Uniform Resource Identifier <a href="http://www.loc.gov/catdir/enhancements/fy1414/2013387317-b.html">http://www.loc.gov/catdir/enhancements/fy1414/2013387317-b.html</a>
906 ## - LOCAL DATA ELEMENT F, LDF (RLIN)
a 7
b cbc
c copycat
d 2
e ncip
f 20
g y-gencatlg
942 ## - ADDED ENTRY ELEMENTS (KOHA)
Source of classification or shelving scheme
Koha item type Lincoln Corner
Holdings
Withdrawn status Lost status Source of classification or shelving scheme Damaged status Not for loan Permanent Location Current Location Shelving location Date acquired Full call number Barcode Date last seen Price effective from Koha item type
          Central Library (CL) Central Library (CL) Lincoln Corner 07/23/2022 813.54 SPA LC-3 07/23/2022 07/23/2022 Reference
© 2023 Central Library, National University of Sciences and Technology. All Rights Reserved.